Islam ka Khandani Nizam / (Record no. 565507)

000 -LEADER
fixed length control field 00357nam a2200133Ia 4500
008 - FIXED-LENGTH DATA ELEMENTS--GENERAL INFORMATION
fixed length control field 210430s9999 xx 000 0 und d
020 ## - INTERNATIONAL STANDARD BOOK NUMBER
International Standard Book Number 978-969-8535-15-5
082 ## - DEWEY DECIMAL CLASSIFICATION NUMBER
Classification number 297.577 A3981I
100 ## - MAIN ENTRY--PERSONAL NAME
Personal name Dr. Ahmad Al Aasaal
9 (RLIN) 129358
245 ## - TITLE STATEMENT
Title Islam ka Khandani Nizam /
Statement of responsibility, etc. Dr. Ahmad Al Aasaal
260 ## - PUBLICATION, DISTRIBUTION, ETC.
Place of publication, distribution, etc. Lahore
Name of publisher, distributor, etc. NUST
300 ## - PHYSICAL DESCRIPTION
Extent 452p.
942 ## - ADDED ENTRY ELEMENTS (KOHA)
Koha item type Book
Source of classification or shelving scheme
Holdings
Withdrawn status Lost status Source of classification or shelving scheme Damaged status Not for loan Permanent Location Current Location Date acquired Full call number Barcode Date last seen Price effective from Koha item type
          School of Chemical & Materials Engineering (SCME) School of Chemical & Materials Engineering (SCME) 10/16/5 297.577 A3981I SCME- D8 04/30/2021 04/30/2021 Book
© 2023 Central Library, National University of Sciences and Technology. All Rights Reserved.